| 000 | 00830nam a2200265Ia 4500 | ||
|---|---|---|---|
| 003 | OSt | ||
| 005 | 20221005085117.0 | ||
| 006 | a|||||r|||| 00| 0 | ||
| 007 | ta | ||
| 008 | 221004b |||||||| |||| 00| 0 eng d | ||
| 020 |
_a9780231184373 (pbk) _cUSD 26.00 |
||
| 024 | _a44103 | ||
| 037 |
_b1668, 05/03/2019, Bright Book Service _cTextual |
||
| 040 |
_aCRL _cCRL _beng |
||
| 041 |
_2eng _aeng |
||
| 082 | _aY7:1, Q7 | ||
| 100 |
_aVan Norden Bryan W. Au. _9613942 |
||
| 245 | 0 |
_aTaking back philosoophy _b a multicultural manifesto |
|
| 260 |
_aNew York _bColumbia University Press USA _c2017 |
||
| 300 |
_axxvi,216p. _ccm. |
||
| 650 | _a PHILOSOPHY | ||
| 650 | _aMULTICULTURALISM | ||
| 942 |
_hY7:1, Q7 _cTEXL _2cc |
||
| 999 |
_c993730 _d993730 |
||